000 00311nam a2200109Ia 4500
008 171211s9999 xx 000 0 und d
245 _aWestern Sufism: From the Abbasids to the New Age
245 _cMark Sedgwick
260 _c2016
650 _xRELIGION
856 _uhttp://down.ebook777.com/063/019997764X.pdf
999 _c350574
_d350574